| 000 | 00499cam a22001814a 4500 | ||
|---|---|---|---|
| 001 | 12131487 | ||
| 005 | 20250716164712.0 | ||
| 008 | 000804s2000 caub b 001 0 eng | ||
| 020 | _a0830720413 | ||
| 020 | _a9780830720415 | ||
| 050 | 0 | 0 |
_aBS2625.3 _b.W348 2000 |
| 082 | 0 | 0 |
_a226.6/077 _221 |
| 100 | 1 | _aWagner, C. Peter. | |
| 245 | 1 | 0 |
_aActs of the Holy Spirit / _cC. Peter Wagner. |
| 260 |
_aVentura, Calif. : _bRegal Books, _cc2000. |
||
| 300 |
_a556 p. : _b1 map ; _c22 cm. |
||
| 942 |
_2lcc _cBK _n0 |
||
| 999 |
_c7010 _d7010 |
||